00929cam a2200229 a 450000100100000000500170001000800410002704000180006808200210008610000460010724500450015326000720019830000210027050400420029165000500033365000420038365000660042570000350049191000340052695201240056099900150068400000629120260429135247.0911121s1990 cu b 000 0 spa  aDO-SdBNPcDLC a860.97291bA473c1 aÁlvarez Álvarez, Luis,d1950-.91757110aConversar con el otro /cLuis Álvarez. aLa Habana, Cuba :bUnión de Escritores y Artistas de Cuba,c1990. a215 p. ;c23 cm. aIncluye referencias bibliográficas. 4aLiteratura cubanaxHistoria y crítica95687 0aLiteraturaxHistoria y crítica9835 4aLiteratura latinoamericanaxEnsayos, conferencias, etc9141181 aRodríguez Feo, José916879 aCatalogación por copia / LC 001052708MOaGRbGRcCTd2009-08-27iLF1l0o860.97291 A473cp6291-10r2020-06-25w2020-06-25y2ZPréstamo interno c6086d6086